| 000 | 01401nam a22002891i 4500 | ||
|---|---|---|---|
| 003 | SA_RiAUC | ||
| 005 | 20250813035159.0 | ||
| 008 | 250811s2010____su g 000 0 ara c | ||
| 020 | _a9786030061150 | ||
| 040 |
_aSA-JeALM _bara _cSA-RiAUC _erda |
||
| 082 | 0 | 4 |
_a213 _qSA-RiAUC |
| 090 |
_a213 _bح ا ز |
||
| 100 |
_aالحازمي، عبد الرحمن بن سعيد بن حسين _eمؤلف. |
||
| 245 | 1 | 0 |
_aضعف وضوح الرؤية لحقائق وأحكام الدين : _bأسبابه وطرق علاجه من منظور التربية الإسلامية / _cإعداد عبد الرحمن بن سعيد الحازمي ؛ تقديم ومراجعة سعيد بن مسفر القحطاني. |
| 250 | _aالطبعة الأولى. | ||
| 264 | 1 |
_aمكة المكرمة : _b[الناشر غير محدد]، _c2010. |
|
| 300 |
_a216 صفحة ؛ _c24 سم |
||
| 336 |
_aنص _btxt _2rdacontent _3كتاب |
||
| 337 |
_aبدون وسيط _bn _2rdamedia |
||
| 338 |
_aمجلد _bnc _2rdacarrier |
||
| 500 | _aإهداء من المؤلف عبد الرحمن بن سعيد الحازمي بتاريخ 1433/6/14 هـ | ||
| 650 | 7 |
_aالوعظ والإرشاد _2aucsh |
|
| 650 | 7 |
_aالتربية الإسلامية _2aucsh |
|
| 700 | 1 |
_aالقحطاني، سعيد بن مسفر بن مفرح، _d1361 هجري- _eمقدم. |
|
| 942 |
_2ddc _cBOOK _n0 |
||
| 949 |
_aSA-JeALM _d250811 _umohamedma123 _n1 |
||
| 999 |
_c10762 _d10762 |
||